00883nam a22002057a 450000500170000000800410001702000180005805000250007610000440010124501630014525000110030826000850031930000210040450400570042565000210048265000330050365000270053665000560056371000580061920211005105927.0211005b mx ||||| |||| 00| 0 spa d a978607788804804aK3611.G46 bD53 20091 aDíaz Revorio, Francisco Javiereautor14aLos derechos humanos ante los nuevos avances científicos tecnológicos b: genética e internet ante la constitución c/ Francisco Javier Díaz Revorio a1a ed. aMéxico :bTirant Blanch : bComisión Nacional de los Derechos Humanos,c2009 a251 p. :c24 cm. aIncluye bibliohemerografía : p. 222-246 e glosario 72lembaGénetica 72lembaDerecho constitucional 72LembaDerechos humanos 72lembaInternet (red de computadores)xLegislación1 aMéxico. Comisión Nacional de los Derechos Humanos